[Event "IECC M email"]
[Site "IECC email"]
[Date "1998.12.05"]
[Round "?"]
[White "Monnier, Stephane"]
[Black "Biernbaum, Jon"]
[Result "1-0"]
[WhiteElo "1000"]
[BlackElo "1051"]
[PlyCount "37"]
[EventDate "1998.??.??"]
[EventType "tourn (corr)"]
[EventRounds "12"]
[SourceTitle "Corr 2008"]
[Source "ChessBase"]
[SourceDate "2008.06.24"]
[SourceVersion "1"]
[SourceVersionDate "2008.06.24"]
[SourceQuality "1"]

1. d4 Nf6 2. c4 e6 3. Nc3 Bb4 4. e3 Ne4 5. Qc2 d5 6. Bd3 Nf6 7. Nf3 Bxc3+ 8. bxc3 b6 9. cxd5 Qxd5 10. e4 Qh5 11. e5 Nd5 12. h3 f5 13. Rb1 Bb7 14. 0-0 Nf4 15. Bxf4 Bxf3 16. gxf3 Qxf3 17. Bg3 h5 18. Be2 Qc6 19. Bb5 1-0